000 00716nam a2200289Ia 4500
005 20260324124320.0
008 008 260324s9999 xx 000 0 eng d
020 _a9780203855782
037 _aEBOOK
040 _aCRL
040 _beng
040 _cCRL
041 _2eng
041 _aeng
084 _qCRL
100 _aGiancarlo Dimaggio; Paul H. Lysaker
_91173678
245 0 _aMetacognition and Severe Adult Mental Disorders
245 0 _bFrom Research to Treatment
260 _bTaylor and Francis
260 _c2010
365 _a
365 _b89.99
856 _uhttp://www.taylorfrancis.com/books/9780203855782
942 _cEBOOK
999 _c1767964
_d1767964